Состояние проблемы биофизического эффекта в СССР и пути её решения; Методы и средства разведки месторождений полезных ископаемых

Bibliographische Detailangaben
Parent link:Методы и средства разведки месторождений полезных ископаемых.— 1977.— С. 30-34
1. Verfasser: Бакиров А. Г. Александр Григорьевич
Weitere Verfasser: Сочеванов И. Н.
Sprache:Russisch
Veröffentlicht: 1977
Schlagworte:
Format: Buchkapitel
KOHA link:https://koha.lib.tpu.ru/cgi-bin/koha/opac-detail.pl?biblionumber=151880

MARC

LEADER 00000naa2a2200000 4500
001 151880
005 20231031150842.0
035 |a (RuTPU)RU\TPU\book\164673 
035 |a RU\TPU\tpu\13803 
090 |a 151880 
100 |a 20090128d1977 k y0rusy50 ca 
101 0 |a rus 
102 |a RU 
200 1 |a Состояние проблемы биофизического эффекта в СССР и пути её решения  |f А. Г. Бакиров, И. Н. Сочеванов 
320 |a Библиогр.: 12 назв. 
463 0 |0 (RuTPU)RU\TPU\book\135291  |t Методы и средства разведки месторождений полезных ископаемых  |o межвузовский научно-технический сборник  |f Томский политехнический институт; под ред. С. С. Сулакшина  |v С. 30-34  |d 1977  |p 108 с. 
610 1 |a труды учёных ТПУ 
700 1 |a Бакиров  |b А. Г.  |c российский геолог  |c профессор Томского политехнического университета  |f 1915-2009  |g Александр Григорьевич  |2 stltpush  |3 (RuTPU)RU\TPU\pers\12439 
701 1 |a Сочеванов  |b И. Н. 
801 1 |a RU  |b 63413507  |c 20080117  |g PSBO 
801 2 |a RU  |b 63413507  |c 20150904  |g PSBO 
942 |c BK